Statistics for Every NHL Player 2023-24 Season

Click here to take the quiz!

General Stats

  • This quiz has been taken 145 times
    (143 since last reset)
  • The average score is 377 of 948

Answer Stats

TeamPlayer% Correct
EDMConnor McDavid
90%
EDMEvander Kane
89%
DETPatrick Kane
89%
PITSidney Crosby
85%
WSHAlex Ovechkin
84%
TORAuston Matthews
84%
CHIConnor Bedard
84%
NJDJack Hughes
84%
DALJason Robertson
84%
MINJoel Eriksson Ek
84%
SEAKole Lind
84%
EDMLeon Draisaitl
84%
BOSLinus Ullmark
84%
NJDLuke Hughes
84%
TORNicholas Robertson
84%
VANQuinn Hughes
84%
ANATrevor Zegras
84%
BOSBrad Marchand
82%
OTTBrady Tkachuk
82%
BOSDavid Pastrnak
82%
PITEvgeni Malkin
82%
FLAMatthew Tkachuk
82%
CAR | NYISebastian Aho
82%
COLCaleb Jones
81%
COLCale Makar
81%
TORMartin Jones
81%
ANAMax Jones
81%
CHISeth Jones
81%
TBLSteven Stamkos
81%
NYRZac Jones
81%
NYRArtemi Panarin
79%
PITErik Karlsson
79%
CBJJake Bean
79%
BUFJeff Skinner
79%
VANLinus Karlsson
79%
COLNathan MacKinnon
79%
TBLNikita Kucherov
79%
CGYRasmus Andersson
79%
EDMStuart Skinner
79%
VGKWilliam Karlsson
79%
OTTAnton Forsberg
77%
CARAntti Raanta
77%
DETDylan Larkin
77%
VANElias Pettersson
77%
BUFErik Johnson
77%
WSHEthan Bear
77%
NSHFilip Forsberg
77%
TBLHaydn Fleury
77%
COLJack Johnson
77%
TBLJack Thompson
77%
CBJKent Johnson
77%
ANALeo Carlsson
77%
VGKLogan Thompson
77%
MINMarc-Andre Fleury
77%
PITMarcus Pettersson
77%
TORMitchell Marner
77%
CHIReese Johnson
77%
BUFRyan Johnson
77%
BUFTage Thompson
77%
CHITyler Johnson
77%
FLAAleksander Barkov
76%
VGKJack Eichel
76%
BOSJeremy Swayman
76%
CHIJoey Anderson
76%
ANAJohn Gibson
76%
CARJordan Staal
76%
MTLJosh Anderson
76%
MINKirill Kaprizov
76%
PHIMarc Staal
76%
NYIMatt Martin
76%
NYRMika Zibanejad
76%
LAKMikey Anderson
76%
MTLNick Suzuki
76%
BUFRasmus Dahlin
76%
CARSpencer Martin
76%
TORWilliam Nylander
76%
PITAlex Nylander
74%
CARAndrei Svechnikov
74%
NJDBrendan Smith
74%
PHICarter Hart
74%
OTTClaude Giroux
74%
MTLCole Caufield
74%
NSHCole Smith
74%
DALCraig Smith
74%
SJSGivani Smith
74%
VANJ.T. Miller
74%
COLMikko Rantanen
74%
PITReilly Smith
74%
EDMRyan Nugent-Hopkins
74%
TBLBrayden Point
73%
CARBrent Burns
73%
BOSCharlie McAvoy
73%
NJDColin Miller
73%
MINFrederick Gaudreau
73%
TORIlya Samsonov
73%
PITJake Guentzel
73%
DALJake Oettinger
73%
DALJamie Benn
73%
CBJJohnny Gaudreau
73%
TORJohn Tavares
73%
NYRK'Andre Miller
73%
NSHRoman Josi
73%
NYRAdam Fox
71%
TBLAndrei Vasilevskiy
71%
LAKAnze Kopitar
71%
LAKCam Talbot
71%
COLDevon Toews
71%
CGY | VANElias Lindholm
71%
BOSHampus Lindholm
71%
NYRIgor Shesterkin
71%
MTLJake Allen
71%
CGYJonathan Huberdeau
71%
VGKMark Stone
71%
NYIMathew Barzal
71%
BUFOwen Power
71%
VANThatcher Demko
71%
DALTyler Seguin
71%
TBLVictor Hedman
71%
EDMZach Hyman
71%
VGKAdin Hill
69%
NYIAnders Lee
69%
EDMCorey Perry
69%
EDMDarnell Nurse
69%
LAKDrew Doughty
69%
CGYJacob Markstrom
69%
NYRJacob Trouba
69%
TORMax Domi
69%
TORMorgan Rielly
69%
COLOndrej Pavel
69%
FLASergei Bobrovsky
69%
DALJoe Pavelski
68%
WSHJohn Carlson
68%
PITKris Letang
68%
WPGKyle Connor
68%
TBLPhilippe Myers
68%
DALRoope Hintz
68%
FLASam Reinhart
68%
CHITaylor Hall
68%
VANTyler Myers
68%
FLAAaron Ekblad
66%
NYRChris Kreider
66%
ARIClayton Keller
66%
WSHEvgeny Kuznetsov
66%
NYIIlya Sorokin
66%
VGKJonathan Marchessault
66%
OTTJoonas Korpisalo
66%
NSHJuuse Saros
66%
DETLucas Raymond
66%
WPGMark Scheifele
66%
NJDNico Hischier
66%
NSHRyan O'Reilly
66%
NJDTimo Meier
66%
PHITravis Konecny
66%
ANATroy Terry
66%
TORTyler Bertuzzi
66%
SEAVince Dunn
66%
CGYYan Kuznetsov
66%
COLAlexandar Georgiev
65%
DETAlex Lyon
65%
TBLCalvin de Haan
65%
BOSCharlie Coyle
65%
WPGConnor Hellebuyck
65%
CARFrederik Andersen
65%
SEAJared McCann
65%
LAKKevin Fiala
65%
DETMoritz Seider
65%
FLAOliver Ekman-Larsson
65%
SEAPhilipp Grubauer
65%
MTLSam Montembeault
65%
WSHT.J. Oshie
65%
DETVille Husso
65%
NYRAlexis Lafreniere
63%
VANBrock Boeser
63%
NJDDougie Hamilton
63%
EDMEvan Bouchard
63%
NYRJonathan Quick
63%
SEAJordan Eberle
63%
MTLJuraj Slafkovsky
63%
CARMartin Necas
63%
SEAMatty Beniers
63%
DALMiro Heiskanen
63%
CGYNazem Kadri
63%
NYINoah Dobson
63%
LAKPierre-Luc Dubois
63%
VANPius Suter
63%
TORRyan Reaves
63%
DALRyan Suter
63%
OTTThomas Chabot
63%
SJSAnthony Duclair
61%
NYRBlake Wheeler
61%
CBJElvis Merzlikins
61%
TORJoseph Woll
61%
WSHLucas Johansen
61%
DALMatt Duchene
61%
WSHNicklas Backstrom
61%
CBJPatrik Laine
61%
EDMPhilip Kemp
61%
COLRyan Johansen
61%
PHISean Couturier
61%
WPGSean Monahan
61%
NYRVincent Trocheck
61%
CBJZach Werenski
61%
FLAAnton Lundell
60%
DETDavid Perron
60%
BUFDevon Levi
60%
WSHDylan Strome
60%
ANAFrank Vatrano
60%
VANIan Cole
60%
CARJaccob Slavin
60%
BOSJake DeBrusk
60%
STLJordan Binnington
60%
WPGJosh Morrissey
60%
OTTJosh Norris
60%
ARILogan Cooley
60%
CGYMacKenzie Weegar
60%
MINMats Zuccarello
60%
TBLMikhail Sergachev
60%
ANARadko Gudas
60%
PITRickard Rakell
60%
ANARyan Strome
60%
OTTTim Stutzle
60%
PITTristan Jarry
60%
OTTVladimir Tarasenko
60%
VGKAlex Pietrangelo
58%
NYIBo Horvat
58%
COLBowen Byram
58%
ANACam Fowler
58%
EDMJack Campbell
58%
NJDJesper Bratt
58%
COLJonathan Drouin
58%
STLJordan Kyrou
58%
NYRKaapo Kakko
58%
TORMark Giordano
58%
CHINick Foligno
58%
CGYNoah Hanifin
58%
BOSPavel Zacha
58%
CHIPetr Mrazek
58%
PHIRasmus Ristolainen
58%
STLRobert Thomas
58%
CARTeuvo Teravainen
58%
SJSTomas Hertl
58%
NJDTyler Toffoli
58%
SEAAdam Larsson
56%
DETAlex DeBrincat
56%
BUFAlex Tuch
56%
FLABrandon Montour
56%
NJDCal Foote
56%
VANCasey DeSmith
56%
PITColin White
56%
EDMConnor Brown
56%
DALEsa Lindell
56%
BOSJames van Riemsdyk
56%
TBLJonas Johansson
56%
ARIJosh Brown
56%
ARIKarel Vejmelka
56%
MINMarcus Foligno
56%
MINMarcus Johansson
56%
ARIMatt Dumba
56%
EDMMattias Ekholm
56%
NJDMichael McLeod
56%
SJSMikael Granlund
56%
MTLMike Matheson
56%
BOSPatrick Brown
56%
EDMRyan McLeod
56%
NYIRyan Pulock
56%
NYISemyon Varlamov
56%
VGKShea Theodore
56%
WSHSonny Milano
56%
WSHTrevor van Riemsdyk
56%
BUFUkko-Pekka Luukkonen
56%
ANAAdam Henrique
55%
LAKAdrian Kempe
55%
VGKAlec Martinez
55%
MTLAlex Newhook
55%
CHIAlex Vlasic
55%
SEABrandon Tanev
55%
STLBrayden Schenn
55%
BUFBrett Murray
55%
NYIBrock Nelson
55%
PITBryan Rust
55%
FLACarter Verhaeghe
55%
WSHCharlie Lindgren
55%
CGYChris Tanev
55%
MINFilip Gustavsson
55%
CBJIvan Provorov
55%
OTTJake Sanderson
55%
MTLJoel Armia
55%
NSHLuke Schenn
55%
SJSMarc-Edouard Vlasic
55%
STLMatthew Kessel
55%
DALMatt Murray
55%
SEAOliver Bjorkstrand
55%
LAKQuinton Byfield
55%
ANARoss Johnston
55%
NYRRyan Lindgren
55%
FLASam Bennett
55%
WSHTom Wilson
55%
COLValeri Nichushkin
55%
DALWyatt Johnston
55%
CBJAdam Boqvist
53%
NJDAkira Schmid
53%
CHIAnthony Beauvillier
53%
CBJBoone Jenner
53%
MTLBrendan Gallagher
53%
BUFCasey Mittelstadt
53%
EDMCody Ceci
53%
STLColton Parayko
53%
CARDmitry Orlov
53%
DETJeff Petry
53%
BOSJesper Boqvist
53%
CARJesperi Kotkaniemi
53%
WSHJoel Edmundson
53%
SEAJoey Daccord
53%
TORJohn Klingberg
53%
MTLJoshua Roy
53%
ANAMason McTavish
53%
LAKMatt Roy
53%
ARINick Schmaltz
53%
WSHNicolas Aube-Kubel
53%
VGKNicolas Roy
53%
WPGNikolaj Ehlers
53%
DALScott Wedgewood
53%
CARSeth Jarvis
53%
DETShayne Gostisbehere
53%
PHITravis Sanheim
53%
CBJAdam Fantilli
52%
CGYAndrei Kuzmenko
52%
WSHAnthony Mantha
52%
CGYBlake Coleman
52%
CARBrady Skjei
52%
BOSBrandon Carlo
52%
TBLBrandon Hagel
52%
MTLCayden Primeau
52%
WSHDarcy Kuemper
52%
WPGDavid Gustafsson
52%
MTLDavid Savard
52%
NYRErik Gustafsson
52%
OTTJakob Chychrun
52%
MTLKirby Dach
52%
BUFKyle Okposo
52%
SJSLogan Couture
52%
SJSMackenzie Blackwood
52%
NJDOndrej Palat
52%
ANAAlex Killorn
50%
CGYAndrew Mangiapane
50%
NYRBarclay Goodrow
50%
CARBrett Pesce
50%
NYICal Clutterbuck
50%
CBJDamon Severson
50%
CGYDillon Dube
50%
NJDErik Haula
50%
VANFilip Hronek
50%
FLAGustav Forsling
50%
SEAJaden Schwartz
50%
ANAJakob Silfverberg
50%
DETJames Reimer
50%
PHIJamie Drysdale
50%
PITJesse Puljujarvi
50%
PITLars Eller
50%
ANALukas Dostal
50%
OTTMathieu Joseph
50%
CGYMikael Backlund
50%
MTLMitchell Stephens
50%
STLNathan Walker
50%
FLANick Cousins
50%
VANNikita Zadorov
50%
DETOlli Maatta
50%
PHIOwen Tippett
50%
LAKPheonix Copley
50%
PITPierre-Olivier Joseph
50%
WSHRasmus Sandin
50%
MINSammy Walker
50%
COLSamuel Girard
50%
PHISean Walker
50%
SEAShane Wright
50%
BOSTrent Frederic
50%
MTLArber Xhekaj
48%
VGKChandler Stephenson
48%
BOSDanton Heinen
48%
FLAEetu Luostarinen
48%
NYRFilip Chytil
48%
TORJake McCabe
48%
MINJared Spurgeon
48%
PITJeff Carter
48%
PHIJoel Farabee
48%
CARJordan Martinook
48%
DETJ.T. Compher
48%
WPGLaurent Brossoit
48%
COLMiles Wood
48%
PHIMorgan Frost
48%
PHISamuel Ersson
48%
MTLTanner Pearson
48%
LAKViktor Arvidsson
48%
NJDVitek Vanecek
48%
CGYYegor Sharangovich
48%
BUFZemgus Girgensons
48%
WPGAdam Lowry
47%
WPGAlex Iafallo
47%
PITAlex Nedeljkovic
47%
SEAAlex Wennberg
47%
COLAndrew Cogliano
47%
FLAAnthony Stolarz
47%
COLArtturi Lehkonen
47%
MINBrock Faber
47%
ARIConnor Ingram
47%
SEAEeli Tolvanen
47%
MTLJake Evans
47%
SEAJamie Oleksiak
47%
NYIJean-Gabriel Pageau
47%
CARJesper Fast
47%
SJSJustin Bailey
47%
NSHKevin Lankinen
47%
MINMatt Boldy
47%
WPGNate Schmidt
47%
STLPavel Buchnevich
47%
COLRoss Colton
47%
NSHRyan McDonagh
47%
SEARyker Evans
47%
CARStefan Noesen
47%
TORTJ Brodie
47%
SEATomas Tatar
47%
CARTony DeAngelo
47%
STLTorey Krug
47%
EDMWarren Foegele
47%
CHIAndreas Athanasiou
45%
TBLAnthony Cirelli
45%
DETBen Chiarot
45%
SEABrian Dumoulin
45%
TORCalle Jarnkrok
45%
MTLChristian Dvorak
45%
VANConor Garland
45%
NSHDante Fabbro
45%
OTTDrake Batherson
45%
WPGDylan DeMelo
45%
NSHGustav Nyquist
45%
NYRJimmy Vesey
45%
COLJosh Manson
45%
STLKasperi Kapanen
45%
BOSKevin Shattenkirk
45%
ARILiam O'Brien
45%
CARMichael Bunting
45%
BOSMorgan Geekie
45%
TBLNicholas Paul
45%
MINPat Maroon
45%
NYIPierre Engvall
45%
DETRobby Fabbri
45%
DETZach Aston-Reese
45%
COLZach Parise
45%
DETAndrew Copp
44%
OTTArtem Zub
44%
TORBobby McMann
44%
NYRBraden Schneider
44%
WPGBrenden Dillon
44%
NYICasey Cizikas
44%
LAKDavid Rittich
44%
EDMDerek Ryan
44%
WPGGabriel Vilardi
44%
ARIJason Zucker
44%
DETJoe Veleno
44%
MTLJordan Harris
44%
LAKJordan Spence
44%
STLJustin Faulk
44%
SEAJustin Schultz
44%
STLKevin Hayes
44%
NYIKyle Palmieri
44%
DETMichael Rasmussen
44%
SJSMike Hoffman
44%
NYIMike Reilly
44%
WPGNeal Pionk
44%
SEAPierre-Edouard Bellemare
44%
DALRadek Faksa
44%
OTTShane Pinto
44%
MINZach Bogosian
44%
NYIAdam Pelech
42%
LAKBrandt Clarke
42%
TBLErik Cernak
42%
FLAEvan Rodrigues
42%
NJDGraeme Clarke
42%
STLJakub Vrana
42%
VGKKeegan Kolesar
42%
BOSMilan Lucic
42%
PHINicolas Deslauriers
42%
CARPyotr Kochetkov
42%
MINRyan Hartman
42%
FLARyan Lomberg
42%
NYIScott Mayfield
42%
NJDTomas Nosek
42%
LAKTrevor Moore
42%
SEAYanni Gourde
42%
ARIAlexander Kerfoot
40%
NSHAlexandre Carrier
40%
SEAAndre Burakovsky
40%
TBLAustin Watson
40%
NSHColton Sissons
40%
CBJDaniil Tarasov
40%
PITDrew O'Connor
40%
BUFDylan Cozens
40%
BUFHenri Jokiharju
40%
ANAIlya Lyubushkin
40%
NJDJonas Siegenthaler
40%
NYIJulien Gauthier
40%
ARILawson Crouse
40%
COLLogan O'Connor
40%
MINMarco Rossi
40%
WSHMax Pacioretty
40%
WSHNic Dowd
40%
NYRNick Bonino
40%
TORNoah Gregor
40%
LAKPhillip Danault
40%
PHIScott Laughton
40%
TBLTanner Jeannot
40%
DALThomas Harley
40%
TORTimothy Liljegren
40%
LAKTrevor Lewis
40%
VGKWilliam Carrier
40%
BUFZach Benson
40%
BOSAnthony Richard
39%
PHICam Atkinson
39%
BUFEric Comrie
39%
SJSFabian Zetterlund
39%
PHIGarnet Hathaway
39%
SJSJacob MacDonald
39%
MINJon Merrill
39%
BUFJordan Greenway
39%
DETJustin Holl
39%
TORMatthew Knies
39%
WSHNick Jensen
39%
PITNoel Acciari
39%
NYIOliver Wahlstrom
39%
OTTRidly Greig
39%
NSHTyson Barrie
39%
WPGVladislav Namestnikov
39%
NYIAlexander Romanov
37%
MINAlex Goligoski
37%
MINBrandon Duhaime
37%
STLBrandon Saad
37%
VGKBrayden McNabb
37%
PHICam York
37%
NSHCody Glass
37%
MINConnor Dewar
37%
TBLConor Sheary
37%
DALEvgenii Dadonov
37%
VGKIvan Barbashev
37%
BUFJack Quinn
37%
DALJoel Hanley
37%
COLJoel Kiviranta
37%
SJSKaapo Kahkonen
37%
DALMason Marchment
37%
BOSMatt Grzelcyk
37%
PITRyan Graves
37%
PITRyan Shea
37%
OTTTravis Hamonic
37%
TBLTyler Motte
37%
PHIVictor Mete
37%
VGKBen Hutton
35%
VGKBrett Howden
35%
PHICal Petersen
35%
DETChristian Fischer
35%
NJDChris Tierney
35%
MINDaemon Hunt
35%
FLADmitry Kulikov
35%
CGYDryden Hunt
35%
NYIGrant Hutton
35%
SJSJacob Peterson
35%
STLJoel Hofer
35%
MINJujhar Khaira
35%
SEAKailer Yamamoto
35%
NYRLouis Domingue
35%
PITMatt Nieto
35%
STLNick Leddy
35%
PHINick Seeler
35%
SJSNico Sturm
35%
VANNils Hoglander
35%
WPGNino Niederreiter
35%
OTTParker Kelly
35%
BOSParker Wotherspoon
35%
CHIRyan Donato
35%
ANASam Carrick
35%
CARBrendan Lemieux
34%
EDMCalvin Pickard
34%
SEAChris Driedger
34%
TORConor Timmins
34%
TBLDarren Raddysh
34%
OTTErik Brannstrom
34%
WSHHendrix Lapierre
34%
BOSIan Mitchell
34%
CBJJack Roslovic
34%
DETJake Walman
34%
ARIJuuso Valimaki
34%
SJSKevin Labanc
34%
COLKurtis MacDermid
34%
NSHLuke Evangelista
34%
ARINick Bjugstad
34%
NJDNico Daws
34%
CHINikita Zaitsev
34%
PHINoah Cates
34%
STLOskar Sundqvist
34%
CHIRem Pitlick
34%
ANARobert Hagg
34%
CHITaylor Raddysh
34%
NYRTyler Pitlick
34%
SJSWilliam Eklund
34%
LAKAlex Laferriere
32%
CBJAndrew Peeke
32%
ANABrock McGinn
32%
CHIConnor Murphy
32%
DETDaniel Sprong
32%
CBJDavid Jiricek
32%
OTTDominik Kubalik
32%
PHIEgor Zamula
32%
ARIJack McBain
32%
MTLKaiden Guhle
32%
SJSLuke Kunin
32%
CGYMartin Pospisil
32%
BUFMattias Samuelsson
32%
BOSOskar Steen
32%
NYRRiley Nash
32%
PHIRyan Poehling
32%
ANAUrho Vaakanainen
32%
VGKZach Whitecloud
32%
PHIBobby Brink
31%
TORDavid Kampf
31%
NJDDawson Mercer
31%
SEADevin Shore
31%
CHIIsaak Phillips
31%
CHIJason Dickinson
31%
NJDJohn Marino
31%
NYRJonny Brodzinski
31%
WSHMatthew Phillips
31%
TORMaxime Lajoie
31%
VGKNicolas Hague
31%
SJSOskar Lindblom
31%
ARITroy Stecher
31%
EDMAdam Erne
29%
PITChad Ruhwedel
29%
BUFEric Robinson
29%
CBJErik Gudbranson
29%
COLFredrik Olofsson
29%
DETKlim Kostin
29%
BOSMatthew Poitras
29%
VANSam Lafferty
29%
BUFTyson Jost
29%
BUFVictor Olofsson
29%
NSHYakov Trenin
29%
NSHDenis Gurianov
27%
TBLEmil Martinsen Lilleberg
27%
ANAIsac Lundestrom
27%
CARJack Drury
27%
MINJonas Brodin
27%
CBJKirill Marchenko
27%
TBLLuke Glendening
27%
WPGMason Appleton
27%
SJSRyan Carpenter
27%
STLTyler Tucker
27%
PHITyson Foerster
27%
OTTZack MacEwen
27%
LAKAndreas Englund
26%
NJDNathan Bastian
26%
BUFPeyton Krebs
26%
NJDAlexander Holtz
24%
CBJAlexandre Texier
24%
LAKAlex Turcotte
24%
WPGCole Perfetti
24%
VGKJiri Patera
24%
NSHMark Jankowski
24%
DETMichael Hutchinson
24%
PHIOlle Lycksell
24%
LAKVladislav Gavrikov
24%
NSHYaroslav Askarov
24%
VANDakota Joshua
23%
CHIJarred Tinordi
23%
NJDKevin Bahl
23%
CHILukas Reichel
23%
FLANiko Mikkola
23%
NSHTommy Novak
23%
CGYBrayden Pachal
21%
MTLJesse Ylonen
21%
BUFJJ Peterka
21%
ARISean Durzi
21%
NJDSimon Nemec
21%
NYRAdam Edstrom
19%
CBJMathieu Olivier
19%
ANAPavel Mintyukov
19%
MTLRafael Harvey-Pinard
19%
WPGRasmus Kupari
19%
DALSam Steel
19%
NYISimon Holmstrom
19%
ARIBarrett Hayton
18%
CBJCole Sillinger
18%
WSHConnor McMichael
18%
NJDCurtis Lazar
18%
CGYDan Vladar
18%
VANIlya Mikheyev
18%
CARJalen Chatfield
18%
DALJani Hakanpaa
18%
COLJustus Annunen
18%
WSHMartin Fehervary
18%
ARIMatias Maccelli
18%
EDMSam Gagner
18%
CGYConnor Zary
16%
CGYDustin Wolf
16%
SJSFilip Zadina
16%
COLIvan Prosvetov
16%
STLJake Neighbours
16%
BOSJakub Lauko
16%
NYIKenneth Appleby
16%
CHIKevin Korchinski
16%
PITMagnus Hellberg
16%
SJSMario Ferraro
16%
VANMark Friedman
16%
EDMMattias Janmark
16%
CGYOliver Kylington
16%
CHIPhilipp Kurashev
16%
NSHPhilip Tomasino
16%
VANPhillip Di Giuseppe
16%
STLSammy Blais
16%
SJSThomas Bordeleau
16%
EDMVincent Desharnais
16%
PITVinnie Hinostroza
16%
NYRWill Cuylle
16%
LAKArthur Kaliyev
15%
ANABrett Leason
15%
CARCallahan Burke
15%
BOSDerek Forbort
15%
CBJDmitri Voronkov
15%
SEAJohn Hayden
15%
WPGLogan Stanley
15%
MTLMichael Pezzetta
15%
VANNils Aman
15%
VANNoah Juulsen
15%
EDMPhilip Broberg
15%
TORPontus Holmberg
15%
PHIRhett Gardner
15%
NYIRobert Bortuzzo
15%
SJSAlexander Barabanov
13%
WSHAliaksei Protas
13%
CBJBrendan Gaunce
13%
EDMBrett Kulak
13%
VANCarson Soucy
13%
BUFConnor Clifton
13%
EDMDylan Holloway
13%
PHIEmil Andrae
13%
NYIHudson Fasching
13%
FLAKevin Stenlund
13%
PHILouie Belpedio
13%
TORSimon Benoit
13%
ARIDylan Guenther
11%
WSHDylan McIlrath
11%
ANAGustav Lindstrom
11%
NSHJeremy Lauzon
11%
NSHJuuso Parssinen
11%
TBLMichael Eyssimont
11%
VANTeddy Blueger
11%
PITValtteri Puustinen
11%
TORWilliam Lagesson
11%
WSHAlexander Alexeyev
10%
STLAlexey Toropchenko
10%
CHIArvid Soderblom
10%
WSHBeck Malenstyn
10%
COLBen Meyers
10%
SJSHenry Thrun
10%
ANAJackson LaCombe
10%
MTLJayden Struble
10%
ARIJ.J. Moser
10%
MTLJohnathan Kovacevic
10%
MTLJustin Barron
10%
NSHKiefer Sherwood
10%
BOSMason Lohrei
10%
VGKMichael Amadio
10%
WPGMorgan Barron
10%
COLOskar Olausson
10%
NJDSanteri Hatakka
10%
DETSimon Edvinsson
10%
DALTy Dellandrea
10%
CHIZach Sanford
10%
DETAustin Czarnik
8%
LAKBlake Lizotte
8%
CBJEmil Bemstrom
8%
SJS | VANJack Studnicka
8%
MINJake Middleton
8%
CGYJakob Pelletier
8%
LAKJaret Anderson-Dolan
8%
CHIJaycob Megna
8%
BOSJohnny Beecher
8%
PITJoona Koppanen
8%
CGYJordan Oesterle
8%
CHIMacKenzie Entwistle
8%
NSHMichael McCarron
8%
DALNils Lundkvist
8%
VGKPavel Dorofeyev
8%
PITRadim Zohorna
8%
ARITravis Boyd
8%
SEATye Kartye
8%
CBJYegor Chinakhov
8%
CGYA.J. Greer
6%
VANAkito Hirose
6%
TBLAlex Barre-Boulet
6%
NYRAnton Blidh
6%
MTLBrandon Gignac
6%
STLCalle Rosen
6%
LAKCarl Grundstrom
6%
NYRConnor Mackey
6%
WPGDylan Samberg
6%
BUFIsak Rosen
6%
OTTJiri Smejkal
6%
FLAJonah Gadjovich
6%
DETJonatan Berggren
6%
FLAJosh Mahura
6%
CGYKevin Rooney
6%
NYIKyle MacLean
6%
STLMarco Scandella
6%
SJSMatt Benning
6%
CGYMatt Coronato
6%
ARIMichael Carcone
6%
ARIMichael Kesselring
6%
CBJNick Blankenburg
6%
TBLNick Perbix
6%
SJSNikita Okhotiuk
6%
STLScott Perunovich
6%
ARITravis Dermott
6%
ANATristan Luneau
6%
ARIVictor Soderstrom
6%
CHIBoris Katchouk
5%
NYRBrennan Othmann
5%
SJSCalen Addison
5%
MINDakota Mermis
5%
VGKDaniil Miromanov
5%
CGYDennis Gilbert
5%
WSHIvan Miroshnichenko
5%
LAKJacob Moverare
5%
PITJansen Harkins
5%
COLJason Polin
5%
MINJesper Wallstedt
5%
CBJJet Greaves
5%
PITJohn Ludvig
5%
CBJJustin Danforth
5%
SJSKyle Burroughs
5%
STLMackenzie MacEachern
5%
SJSMagnus Chrona
5%
TBLMatt Tomkins
5%
ARIMilos Kelemen
5%
OTTNikolas Matinpalo
5%
ANAOlen Zellweger
5%
VGKPaul Cotter
5%
OTTRoby Jarventie
5%
NYISamuel Bolduc
5%
CBJSean Kuraly
5%
CGYWalker Duehr
5%
TBLWaltteri Merela
5%
TORAlex Steeves
3%
WPGAxel Jonsson-Fjallby
3%
VGKBrendan Brisson
3%
VGKByron Froese
3%
CHICole Guttman
3%
MINDeclan Chisholm
3%
WPGDominic Toninato
3%
WSHHunter Shepard
3%
OTTJacob Bernard-Docker
3%
BUFJacob Bryson
3%
ARIJan Jenik
3%
SJSJan Rutta
3%
VGKKaedan Korczak
3%
MTLLucas Condotta
3%
BUFLukas Rousek
3%
FLAMackie Samoskevich
3%
OTTMads Sogaard
3%
BUFMatt Savoie
3%
SEAMax McCormick
3%
NJDMax Willman
3%
WSHMichael Sgarbossa
3%
NJDNick DeSimone
3%
MINNic Petan
3%
COLRiley Tufte
3%
COLSam Malinski
3%
LAKSamuel Fagemo
3%
SJSShakir Mukhamadullin
3%
NJDShane Bowers
3%
CBJTrey Fix-Wolansky
3%
CARVasily Ponomarev
3%
MINVinni Lettieri
3%
ARIVladislav Kolyachonok
3%
SEAWill Borgen
3%
STLAdam Gaudette
2%
ANABo Groulx
2%
BUFBrandon Biro
2%
CHIBrett Seney
2%
VANCole McWard
2%
CHIColin Blackwell
2%
SJSDanil Gushchin
2%
MTLEmil Heineman
2%
CHIFilip Roos
2%
TORFraser Minten
2%
WSHHardy Haman Aktell
2%
STLHugh McGing
2%
CGYIlya Solovyov
2%
CBJJake Christiansen
2%
NYRJake Leschyshyn
2%
EDMJames Hamblin
2%
WSHJoe Snively
2%
PITJonathan Gruden
2%
NJDJustin Dowling
2%
NSHLiam Foudy
2%
NSHMarc Del Gaizo
2%
OTTMark Kastelic
2%
STLNikita Alexandrov
2%
NJDSamuel Laberge
2%
VGKSheldon Rempal
2%
FLASteven Lorentz
2%
VGKTobias Bjornfot
2%
FLAWilliam Lockwood
2%
CHIWyatt Kaiser
2%
CGYAdam Klapka
0%
MINAdam Raska
0%
SEAAndrew Poturalski
0%
OTTAngus Crookshank
0%
TBLCole Koepke
0%
CGYCole Schwindt
0%
TBLDeclan Carlile
0%
NSHEgor Afanasyev
0%
TBLGage Goncalves
0%
BOSGeorgii Merkulov
0%
VGKGrigori Denisenko
0%
MINJacob Lucchini
0%
BUFJiri Kulich
0%
VGKJonas Rondbjerg
0%
ARIJustin Kirkland
0%
FLAJustin Sourdif
0%
CHILouis Crevier
0%
VGKLukas Cormier
0%
PITMarc Johnstone
0%
SEAMarian Studenic
0%
OTTMatthew Highmore
0%
OTTMaxence Guenette
0%
TBLMaxwell Crozier
0%
TBLMitchell Chaffee
0%
SJSNikolai Knyzhov
0%
EDMRaphael Lavoie
0%
OTTRourke Chartier
0%
SEARyan Winterton
0%
SJSScott Sabourin
0%
NSHSpencer Stastney
0%
SJSTy Emberson
0%
OTTTyler Kleven
0%
FLAUvis Balinskis
0%
CARYaniv Perets
0%

Score Distribution

Percentile by Number Answered

Percent of People with Each Score

Your Score History

You have not taken this quiz since the last reset